| 000 | 01228cam9a220022900 4500 | ||
|---|---|---|---|
| 001 | tmp15223795 | ||
| 003 | UPRA | ||
| 005 | 20190826103245.0 | ||
| 008 | 950718s1955 be fre u | ||
| 035 | _a(Sirsi) r105022 | ||
| 035 | _a(UPRA)tmp15223795 | ||
| 040 | _cUPRA | ||
| 100 | 1 |
_aFabri, Joseph. _6A62011.1 |
|
| 245 | 1 | 4 | _aLes belges au Guatemala (1840-1845). |
| 260 |
_aBruxelles, _c1955. |
||
| 490 | 1 |
_aAcademie Royale des Sciences d'outre-mer. Classe des Sciences Morales et Politiques. Memoires in-8 . Nouv. Ser. ; _vt. 2, fasc. 1 |
|
| 504 | _aBibliography: p. [10]-14. | ||
| 650 | 0 |
_aBelgians -- Guatemala. _zBelgians -- Guatemala. _6S48304.1 |
|
| 810 | 2 |
_aAcademie royale des sciences d'outre-mer. Classe des sciences morales et politiques. Memoires in-8 . Nouv. Ser ; _bAcademie royale des sciences d'outre-mer. Classe des sciences morales et politiques. Memoires in-8 . Nouv. Ser ; _tAcademie royale des sciences d'outre-mer. Classe des sciences morales et politiques. Memoires in-8 . Nouv. Ser ; _pAcademie royale des sciences d'outre-mer. Classe des sciences morales et politiques. Memoires in-8 . Nouv. Ser ; _vt. 2, fasc. 1 _6S9893.1 |
|
| 949 |
_aDT1.A2 _wlcc _i-149204 _mMAIN _tBOOK _lON-SHELF |
||
| 004 | 105022 | ||
| 999 |
_c165555 _d165555 |
||